000 00437nam a2200157 4500
001 132633
003 ES-MaACL
005 20230906194221.0
007 t|
008 070214s1935 it r ||||1| ita d
100 1 _aRomano, Salvatore.
_999254
245 1 3 _aLa revoca degli atti giuridici privati /
_cSalvatore Romano.
260 _aPadova :
_bCedam,
_c1935.
300 _aXII, 389 p. ;
_c25 cm.
852 _aES-MaACL
_jC-5196
_bR.25774
999 _c132633
_d132633